000 00273nam a22001337a 4500
020 _a0-7214-0864-8
082 _a821
_bLAD/J
100 _aLADY BIRD
245 _aJACK AND JILL
260 _aUK
_bLADY BIRD
300 _a38
650 _aENGLISH RHYMES
_zLONDON
942 _cBK
999 _c1729
_d1729